Central Library OPAC University of Rajshahi

Marketing channels / (Record no. 16259)

MARC details
000 -LEADER
fixed length control field 00690nam a2200241 a 4500
001 - CONTROL NUMBER
control field 16259
003 - CONTROL NUMBER IDENTIFIER
rucl marc code BD-RjUL
005 - DATE AND TIME OF LATEST TRANSACTION
control field 20211209000003.0
008 - FIXED-LENGTH DATA ELEMENTS--GENERAL INFORMATION
fixed length control field 140213s1981 ii b 100 0 eng d
035 ## - SYSTEM CONTROL NUMBER
System control number (BD-RjUL)16314
-- oxf990014707
040 ## - CATALOGING SOURCE
Original cataloging agency DLC
Transcribing agency DLC
Language of cataloging eng
Modifying agency BD-RjUL
041 ## - LANGUAGE CODE
Language code of text/sound track or separate title eng
082 00 - DEWEY DECIMAL CLASSIFICATION NUMBER
Classification number 658.87
Edition number 19
Author mark and year REM 1981
100 1# - MAIN ENTRY--PERSONAL NAME
Personal name Reddy, T. Subbi
9 (RLIN) 50282
245 00 - TITLE STATEMENT
Title Marketing channels /
Statement of responsibility, etc. T. Subbi Reddy.
260 ## - PUBLICATION, DISTRIBUTION, ETC. (IMPRINT)
Place of publication, distribution, etc. New Delhi :
Name of publisher, distributor, etc. S. Chand & co.,
Date of publication, distribution, etc. 1981.
300 ## - PHYSICAL DESCRIPTION
Pagination 481 p. :
Illustrations ill. ;
Size 24 cm.
504 ## - BIBLIOGRAPHY, ETC. NOTE
Bibliography, etc Includes bibliographies.
650 #0 - SUBJECT ADDED ENTRY--TOPICAL TERM
Topical term or geographic name as entry element Marketing channels
General subdivision Congresses
9 (RLIN) 50283
942 ## - ADDED ENTRY ELEMENTS (KOHA)
Source of classification or shelving scheme Dewey Decimal Classification
Koha item type Books
Holdings
Lost status Source of classification or shelving scheme Damaged status Not for loan Collection code Permanent Location Current Location Shelving location Date acquired Source of acquisition Cost, normal purchase price Total Checkouts Full call number Date last seen Copy number Koha item type
  Dewey Decimal Classification   Not For Loan Non-fiction Central Library, University of Rajshahi Central Library, University of Rajshahi Reading Room 09/02/1983 Mullick Brother Dhaka 300.00   658.87 REM 1981 13/02/2014 C-1 Books
  Dewey Decimal Classification   Not For Loan Non-fiction Central Library, University of Rajshahi Central Library, University of Rajshahi   18/08/1984 A.B.A. Cal. 100.00   658.87 REM 1981 29/12/2019 C-2 Books